00573nam a2200169Ia 4500008004100000020001800041041000800059082001600067100002500083245007000108250000600178260003300184300001200217650002500229999001900254952013000273210716s2009 xx 000 0 und d a9788174467379 aeng a658.15 SINP aSinha, Pradip Kumar. aFinancial management: tools and techniques.bTools and techniques a1 aNew DelhibExcel Booksc2009 axii,855 aFinancial Management c204764d204764 00102ddc40738MBAaAIMITbAIMITd2009-02-02g395.00l0o658.15 SINPpMBA07330r2025-07-21 00:00:00v296.25w2021-07-16yBK